[Event "China zt 3.5 2014"]
[Site "Zhongshan CHN"]
[Date "2014.10.31"]
[Round "6.11"]
[White "Xu, Yinglun"]
[Black "Zhang, Xiaopeng"]
[Result "1-0"]
[WhiteElo "2410"]
[BlackElo "2228"]
[WhiteFideId "8604940"]
[BlackFideId "8604037"]
[EventDate "2014.10.26"]

1. d4 d5 2. c4 e6 3. Nc3 Nf6 4. cxd5 exd5 5. Bg5 Be7 6. e3 c6 7. Bd3 Nbd7 8. Qc2
O-O 9. Nf3 Re8 10. O-O Nf8 11. h3 g6 12. Rab1 Ne6 13. Bh4 Ng7 14. b4 a6 15. a4
Bf5 16. Bxf6 Bxf6 17. b5 axb5 18. axb5 Bxd3 19. Qxd3 Nf5 20. Qc2 Nd6 21. Nd2 Ra3
22. bxc6 bxc6 23. Na2 Qa8 24. Nb4 Rc8 25. Nd3 Ra2 26. Qc1 Kg7 27. Rd1 Ra3 28.
Qc2 Nb5 29. Rb3 Be7 30. Rxa3 Nxa3 31. Qa2 Qb7 32. Ra1 Ra8 33. Ne5 f6 34. Nd3 Ra7
35. Nb3 Nb5 36. Qb2 Na3 37. Qc3 Nc4 38. Nbc5 Qb6 39. h4 Kf7 40. Qc1 Rxa1 41.
Qxa1 Qa5 42. Qb1 Qb5 43. Qxb5 cxb5 44. Na6 Bd6 45. Kf1 Ke6 46. Ke2 h5 47. g3 g5
48. hxg5 fxg5 49. Nab4 Nb6 50. Nc6 Nc4 51. Nc5+ Bxc5 52. dxc5 Kd7 53. Nd4 b4 54.
f4 h4 55. fxg5 h3 56. Kf2 Nxe3 57. Kg1 Nf5 58. c6+ Kc7 59. Nxf5 b3 60. Ne3 Kxc6
61. Nd1 Kd6 62. Kh2 Ke5 63. Kxh3 Kf5 64. Kh4 Kg6 65. Kg4 d4 66. Nb2 1-0

[Event "China zt 3.5 2014"]
[Site "Zhongshan CHN"]
[Date "2014.10.31"]
[Round "6.12"]
[White "Ma, Zhonghan"]
[Black "Li, Di"]
[Result "1-0"]
[BlackTitle "FM"]
[WhiteElo "2471"]
[BlackElo "2189"]
[WhiteFideId "8607206"]
[BlackFideId "8607508"]
[EventDate "2014.10.26"]

1. e4 e6 2. d4 d5 3. Nd2 dxe4 4. Nxe4 Bd7 5. Nf3 Bc6 6. Bd3 Nd7 7. O-O Ngf6 8.
Nc3 Bd6 9. Re1 Bxf3 10. Qxf3 c6 11. Be3 Qc7 12. h3 h6 13. Rad1 a6 14. a3 O-O-O
15. b4 g5 16. Bd2 Rhg8 17. Ne4 Be7 18. c4 g4 19. hxg4 Rxg4 20. Nxf6 Nxf6 21. d5
cxd5 22. cxd5 Qd6 23. dxe6 Qxd3 24. Rc1+ Kb8 25. Qxd3 Rxd3 26. exf7 Re4 27. Rxe4
Nxe4 28. Bxh6 Nc3 29. Re1 Bd6 30. Bf4 Ne2+ 31. Rxe2 Rd1+ 32. Kh2 Bxf4+ 33. g3 1-0

[Event "China zt 3.5 2014"]
[Site "Zhongshan CHN"]
[Date "2014.10.31"]
[Round "6.13"]
[White "Liu, Yan"]
[Black "Bao, Qilin"]
[Result "1-0"]
[WhiteElo "2364"]
[BlackElo "2249"]
[WhiteFideId "8608962"]
[BlackFideId "8605750"]
[EventDate "2014.10.26"]

1. d4 Nf6 2. c4 e5 3. dxe5 Ng4 4. Bf4 g5 5. Bg3 Nc6 6. Nf3 Bg7 7. Nc3 Ngxe5 8.
e3 d6 9. Nxe5 Nxe5 10. Be2 Be6 11. O-O O-O 12. Nd5 c6 13. f4 Nxc4 14. Bxc4 cxd5
15. Bxd5 Qb6 16. Kh1 Rae8 17. fxg5 Qxe3 18. Bxe6 Rxe6 19. Qd5 b6 20. Rad1 Qc5
21. Qd2 Qb5 22. b4 Re2 23. Qxd6 Rxa2 24. Qd5 Qxd5 25. Rxd5 a5 26. bxa5 bxa5 27.
h4 a4 28. Rd7 Rc2 29. Ra7 Rc4 30. Rf4 Bd4 31. Kh2 Rd8 32. Ra6 Rdc8 33. Kh3 Rb4
34. Re4 Rc3 35. Kg4 a3 36. Ra8+ Kg7 37. Be5+ Bxe5 38. Rxb4 Rc2 39. Kf5 Bc3 40.
Rbb8 h5 41. Rxa3 Bd4 42. g3 Rc5+ 43. Ke4 Be5 44. Rb7 Bd6 45. Rf3 Bc7 46. Rd3
Re5+ 47. Kf3 Rc5 48. Rd7 Rc3+ 49. Ke4 Bxg3 50. Rxf7+ Kg8 51. Rg7+ Kf8 52. Rgd7
Rc8 53. Rf7+ Kg8 54. Rg7+ Kh8 55. Rh7+ Kg8 56. Rbg7+ Kf8 57. Rh8+ 1-0

[Event "China zt 3.5 2014"]
[Site "Zhongshan CHN"]
[Date "2014.10.31"]
[Round "6.14"]
[White "Yu, Xiangbo"]
[Black "Jia, Haoxiang"]
[Result "0-1"]
[BlackTitle "IM"]
[WhiteElo "2149"]
[BlackElo "2424"]
[WhiteFideId "8603782"]
[BlackFideId "8602999"]
[EventDate "2014.10.26"]

1. e4 c5 2. Nf3 e6 3. Nc3 a6 4. Be2 b5 5. O-O Bb7 6. d4 cxd4 7. Nxd4 Qc7 8. Be3
Nf6 9. a4 b4 10. Na2 Bxe4 11. c3 Be7 12. cxb4 O-O 13. Nc3 Bb7 14. b5 d5 15. Rc1
Qd7 16. Nf3 Rc8 17. Qb3 a5 18. Nb1 Bd6 19. Rxc8+ Qxc8 20. Rc1 Qd8 21. Nd4 Nbd7
22. Nc6 Qf8 23. Nc3 Ne5 24. Nxe5 Bxe5 25. f4 Bb8 26. Bf3 Qb4 27. Qxb4 axb4 28.
Ne2 Rxa4 29. Nd4 Bd6 30. Nc6 Ra8 31. Bd2 Rc8 32. Na5 Rxc1+ 33. Bxc1 Bc8 34. Be3
Nd7 35. b6 Ba6 36. Bd1 Bb5 37. b7 Bc7 38. Nb3 Ba6 39. Nc5 Nxc5 40. Bxc5 Bxf4 41.
Bxb4 Be3+ 42. Kh1 Bxb7 43. Be2 d4 44. Bc5 f6 45. b4 Kf7 46. Bc4 g5 47. Bb5 Bd2
48. Bd7 Bc3 49. Bb5 Be4 50. Ba4 e5 51. Bb3+ Ke8 52. Kg1 Kd7 53. Kf2 Bd2 54. g4
Be3+ 55. Kf1 Bd3+ 56. Ke1 Kc6 57. Ba4+ Kd5 58. Bd7 Bf4 59. Be7 Bc2 60. b5 d3 61.
Bb4 e4 62. Bc6+ Kd4 63. Kf1 e3 64. Bf3 d2 65. Be7 Bd3+ 66. Kg2 e2 67. Bxf6+ Kc5 0-1

[Event "China zt 3.5 2014"]
[Site "Zhongshan CHN"]
[Date "2014.10.31"]
[Round "6.15"]
[White "Lin, Yi"]
[Black "Liu, Guanchu"]
[Result "0-1"]
[BlackTitle "IM"]
[WhiteElo "2013"]
[BlackElo "2409"]
[WhiteFideId "8609659"]
[BlackFideId "8603901"]
[EventDate "2014.10.26"]

1. d4 e6 2. c4 f5 3. g3 Nf6 4. Bg2 Bb4+ 5. Bd2 Bxd2+ 6. Qxd2 O-O 7. Nc3 Nc6 8.
Nf3 d6 9. O-O Ne4 10. Qe3 Nxc3 11. Qxc3 Qf6 12. b4 Ne7 13. Rac1 Bd7 14. e3 Bc6
15. b5 Be4 16. Nd2 Bxg2 17. Kxg2 a6 18. a4 e5 19. Nf3 e4 20. Nd2 Ng6 21. f3
exf3+ 22. Rxf3 Qg5 23. Kh1 Rae8 24. Rcf1 c5 25. bxc6 bxc6 26. R1f2 c5 27. Nf1
Qg4 28. Qd3 cxd4 29. exd4 f4 30. gxf4 Nxf4 31. Qd2 Ne6 32. Rxf8+ Rxf8 33. Rxf8+
Kxf8 34. Qf2+ Ke8 35. Qe3 Kd7 36. d5 Nc5 37. Nd2 Qd1+ 38. Kg2 Qxa4 39. Qh3+ Kc7
40. Qxh7 Qd7 41. Kg3 Qe7 42. Qc2 Qe5+ 43. Kg2 Qe2+ 44. Kh3 a5 45. Qb2 Qh5+ 46.
Kg3 Qg5+ 47. Kf3 Qf5+ 48. Kg3 Qe5+ 49. Qxe5 dxe5 50. Kf3 a4 51. Nb1 Kb6 52. Na3
Ka5 53. Nc2 Kb6 54. Ke3 Nd7 55. Kd3 Kc5 56. Kc3 Nf6 57. Kd3 g6 58. h4 Nd7 59.
Kc3 Nb6 60. Ne3 e4 61. d6 Nd7 62. Nd1 Kxd6 63. Kd4 a3 64. Nc3 Kc6 65. Kxe4 Kc5
66. Kd3 Ne5+ 67. Ke4 Kxc4 68. Na2 Nd3 69. Ke3 Nb4 70. Nc1 Kc3 0-1

[Event "China zt 3.5 2014"]
[Site "Zhongshan CHN"]
[Date "2014.10.31"]
[Round "6.16"]
[White "Xu, Minghui"]
[Black "Fang, Yuxiang"]
[Result "1-0"]
[WhiteElo "2140"]
[BlackElo "2325"]
[WhiteFideId "8606790"]
[BlackFideId "8605840"]
[EventDate "2014.10.26"]

1. d4 Nf6 2. c4 b6 3. Nc3 Bb7 4. d5 e6 5. a3 exd5 6. cxd5 d6 7. g3 c6 8. Bg2 Be7
9. Nh3 O-O 10. O-O c5 11. e4 Nfd7 12. g4 Ba6 13. Re1 Ne5 14. f4 Nd3 15. Re3 c4
16. Qe2 Nd7 17. Rf3 Nxc1 18. Rxc1 Nc5 19. Rcf1 Nd3 20. e5 Bc8 21. e6 fxe6 22.
dxe6 d5 23. f5 d4 24. Ne4 Ne5 25. Rf4 d3 26. Qe1 Bb7 27. Qc3 Bxe4 28. Rxe4 Bf6
29. Rxe5 Qc7 30. e7 Rfe8 31. Bxa8 b5 32. Bd5+ Kh8 33. Rfe1 d2 34. Qxd2 Bxe5 35.
Ng5 Bxh2+ 36. Qxh2 Qc5+ 37. Kf1 h6 38. Nf7+ Kh7 39. Qh5 Rxe7 40. Ng5+ 1-0

[Event "China zt 3.5 2014"]
[Site "Zhongshan CHN"]
[Date "2014.10.31"]
[Round "6.17"]
[White "Xu, Xiangyu"]
[Black "Wang, Jiaqi"]
[Result "1-0"]
[WhiteElo "2152"]
[BlackElo "1844"]
[WhiteFideId "8608288"]
[BlackFideId "8609128"]
[EventDate "2014.10.26"]

1. e4 c5 2. Nf3 d6 3. d4 cxd4 4. Nxd4 Nf6 5. Nc3 a6 6. h3 e5 7. Nde2 Be6 8. g4
d5 9. exd5 Nxd5 10. Bg2 Nxc3 11. Qxd8+ Kxd8 12. Nxc3 Nc6 13. Be3 Bb4 14. O-O-O+
Kc7 15. Nd5+ Bxd5 16. Bxd5 f6 17. Rd3 Rad8 18. Rhd1 Rd7 19. a3 Be7 20. Rb3 Nd8
21. Ba7 Kc8 22. Rdd3 Bd6 23. Be4 g6 24. Rbc3+ Bc7 25. Bb6 Re7 26. Rf3 Ne6 27.
Rxf6 Nf4 28. Rxc7+ Rxc7 29. Bxc7 Kxc7 30. h4 b6 31. Rc6+ 1-0

[Event "China zt 3.5 2014"]
[Site "Zhongshan CHN"]
[Date "2014.10.31"]
[Round "6.18"]
[White "Yang, Jie"]
[Black "Xu, Zhihang"]
[Result "1-0"]
[WhiteElo "2325"]
[BlackElo "2119"]
[WhiteFideId "8602336"]
[BlackFideId "8611572"]
[EventDate "2014.10.26"]

1. d4 Nf6 2. c4 e6 3. Nc3 Bb4 4. e3 O-O 5. Bd3 d5 6. Nf3 c5 7. O-O cxd4 8. exd4
dxc4 9. Bxc4 b6 10. Qe2 Bb7 11. Bg5 Nc6 12. Rfd1 Na5 13. Bd3 Rc8 14. Rac1 Be7
15. Ne5 Nc6 16. Nb5 Qd5 17. Nf3 a6 18. Nc3 Qa5 19. d5 Nb4 20. d6 Bxf3 21. Qxf3
Qxg5 22. dxe7 Rfe8 23. g3 Rxe7 24. Ne4 Qxc1 25. Nxf6+ gxf6 26. Rxc1 Rxc1+ 27.
Kg2 f5 28. a3 Nc2 29. Qa8+ Kg7 30. Bxc2 Rxc2 31. Qd8 Rcc7 32. Qd4+ e5 33. Qxb6
Rb7 34. Qe3 Kg6 35. h4 h6 36. b4 Re6 37. h5+ Kg7 38. Qf3 e4 39. Qxf5 Rb5 40.
Qg4+ Rg5 41. Qd1 Ree5 42. a4 Re6 43. Qe2 Rd5 44. Qb2+ Kh7 45. Qb3 Rf5 46. Qd1
Ref6 47. Qd4 Re6 48. Qc4 Rxh5 49. b5 axb5 50. axb5 Rf5 51. b6 Rg5 52. Qc7 Kg6
53. b7 Rb5 54. b8=Q Rxb8 55. Qxb8 Kg7 56. Qb2+ Kh7 57. Qd4 Kg6 58. Qh8 Rf6 59.
Qg8+ Kf5 60. Qh7+ Ke5 61. Qh8 Kf5 62. Kf1 Kg6 63. Qg8+ Kf5 64. Ke2 Ke5 65. Qg7
Ke6 66. Qh8 Ke7 67. Qa8 Re6 68. Ke3 Kf6 69. Kf4 Ke7 70. Qb8 Kf6 71. Qh8+ Ke7 72.
Qg7 Rg6 73. Qh7 Re6 74. g4 Rf6+ 75. Kxe4 1-0

[Event "China zt 3.5 2014"]
[Site "Zhongshan CHN"]
[Date "2014.10.31"]
[Round "6.19"]
[White "Lan, Zilun"]
[Black "Wu, Xibin"]
[Result "1-0"]
[BlackTitle "IM"]
[WhiteElo "2147"]
[BlackElo "2278"]
[WhiteFideId "8604193"]
[BlackFideId "8600309"]
[EventDate "2014.10.26"]

1. d4 Nf6 2. c4 g6 3. Nc3 d5 4. cxd5 Nxd5 5. e4 Nxc3 6. bxc3 Bg7 7. Be3 c5 8.
Rc1 O-O 9. Nf3 Qa5 10. Qd2 Rd8 11. d5 e6 12. Bg5 f6 13. Be3 Nc6 14. Bd3 b6 15.
O-O Ba6 16. Bxa6 Qxa6 17. Rfd1 exd5 18. exd5 Qc4 19. Bf4 Rd7 20. Qe3 Rad8 21.
Qe6+ Kh8 22. Qxc6 Qxf4 23. c4 Re7 24. Re1 f5 25. Rxe7 Qxc1+ 26. Re1 Qc3 27. h4
Bf6 28. Qe6 h6 29. Re3 Qa1+ 30. Kh2 Rf8 31. d6 Qxa2 32. d7 Kg7 33. Qxf6+ Kxf6
34. Re8 Rxe8 35. dxe8=Q Qxc4 36. Qf8+ Qf7 37. Qxh6 Qg7 38. Qe3 Qc7+ 39. g3 Qd6
40. Ng5 a5 41. Qe8 Qd5 42. Qf8+ Ke5 43. Qg7+ Kd6 44. Qxg6+ Kc7 45. h5 c4 46. h6
Qd2 47. Qxf5 c3 48. h7 1-0

[Event "China zt 3.5 2014"]
[Site "Zhongshan CHN"]
[Date "2014.10.31"]
[Round "6.20"]
[White "Huang, Zhi"]
[Black "Li, Hanbin"]
[Result "1/2-1/2"]
[WhiteElo "2107"]
[BlackElo "2257"]
[WhiteFideId "8608920"]
[BlackFideId "8602670"]
[EventDate "2014.10.26"]

1. d4 d5 2. c4 e5 3. dxe5 d4 4. Nf3 Nc6 5. g3 Nge7 6. Nbd2 Ng6 7. Nb3 Ngxe5 8.
Nxe5 Nxe5 9. Bg2 Bg4 10. h3 Be6 11. O-O Qd7 12. Qxd4 Nc6 13. Qxd7+ Bxd7 14. Bf4
O-O-O 15. Rfd1 Be7 16. Bxc6 Bxc6 17. Nd4 Be8 18. e4 a6 19. Nf5 Bf8 20. Rxd8+
Kxd8 21. Rd1+ Kc8 22. Ne3 c6 23. Bd6 Bd7 24. Bxf8 Rxf8 25. Kg2 Re8 26. Kf3 h5
27. h4 g6 28. Kf4 Kc7 29. Rd2 Be6 30. a3 a5 31. f3 a4 32. g4 Rh8 33. Kg5 Kb6 34.
f4 hxg4 35. f5 Rh5+ 36. Kf6 gxf5 37. exf5 Bc8 38. Rd8 Kc7 39. Rf8 Rxh4 40. Rxf7+
Kd6 41. Kg5 Rh2 42. Nxg4 Rxb2 43. c5+ Kxc5 44. Rc7 Bxf5 45. Kxf5 Kd6 46. Rh7 b5
47. Ke4 Re2+ 48. Ne3 Ra2 49. Rh3 Kc5 50. Rh5+ Kb6 51. Rh3 Kc5 1/2-1/2

[Event "China zt 3.5 2014"]
[Site "Zhongshan CHN"]
[Date "2014.10.31"]
[Round "6.22"]
[White "Peng, Hongchi"]
[Black "Zhang, Ziji"]
[Result "1/2-1/2"]
[WhiteElo "2144"]
[BlackElo "2190"]
[WhiteFideId "8609047"]
[BlackFideId "8609470"]
[EventDate "2014.10.26"]

1. e4 c5 2. Nf3 d6 3. d4 cxd4 4. Nxd4 Nf6 5. Nc3 Nc6 6. Bc4 Qb6 7. Nb3 e6 8. Be3
Qc7 9. O-O Be7 10. f4 O-O 11. g4 d5 12. Bd3 dxe4 13. Nxe4 Nd5 14. Qe2 Nxe3 15.
Qxe3 Nb4 16. c3 Nxd3 17. Qxd3 f5 18. gxf5 exf5 19. Ng5 Bxg5 20. Qd5+ Kh8 21.
fxg5 Qe7 22. h4 Qe3+ 23. Kh2 Be6 24. Qd4 f4 25. Qxe3 fxe3 26. Rxf8+ Rxf8 27. Re1
Rf4 28. Rxe3 Rxh4+ 29. Kg2 Bd7 30. Rd3 Bc6+ 31. Kg3 Re4 32. Na5 Kg8 33. Nxc6
bxc6 34. Rd7 a5 35. Rc7 Re2 36. Rb7 1/2-1/2

[Event "China zt 3.5 2014"]
[Site "Zhongshan CHN"]
[Date "2014.10.31"]
[Round "6.23"]
[White "Yu, Kaifeng"]
[Black "Chen, Qi b"]
[Result "0-1"]
[WhiteTitle "FM"]
[WhiteElo "2123"]
[BlackElo "1925"]
[WhiteFideId "8609667"]
[BlackFideId "8614733"]
[EventDate "2014.10.26"]

1. d4 Nf6 2. c4 g6 3. Nc3 Bg7 4. e4 d6 5. f3 O-O 6. Be3 c5 7. d5 Nbd7 8. Nh3 a6
9. a4 Ne5 10. Nf2 e6 11. Be2 exd5 12. cxd5 Rb8 13. a5 b5 14. axb6 Qxb6 15. Rb1
Qb4 16. O-O Re8 17. Qc2 Nfd7 18. Bc1 Nxf3+ 19. gxf3 Bxc3 20. Nd3 Bd4+ 21. Kg2
Qb3 22. Qxb3 Rxb3 23. Bf4 Ne5 24. Nxe5 Bxe5 25. Bxe5 Rxe5 26. Bc4 Rb6 27. b3 f5
28. exf5 Bxf5 29. Rbe1 Rxe1 30. Rxe1 Kf7 31. f4 h6 32. Kf3 a5 33. Ra1 Bc2 34.
Rxa5 Bxb3 35. Bxb3 Rxb3+ 36. Ke2 Rb6 37. Ra8 Rb7 38. Rd8 Ke7 39. Rg8 Rb2+ 40.
Ke3 g5 41. fxg5 hxg5 42. Rxg5 Rxh2 43. Rf5 Rh4 44. Kd3 Rd4+ 45. Kc3 Kd8 46. Rg5
Kc7 47. Rf5 Kb6 48. Rg5 Kb5 49. Rh5 Rc4+ 50. Kb3 Rg4 51. Rh3 c4+ 52. Kc3 Kc5 53.
Rf3 Rd4 54. Rf8 Rd3+ 55. Kc2 Kxd5 56. Rd8 Rh3 57. Kd2 Kc5 58. Rc8+ Kd4 59. Rg8
Rh2+ 60. Kc1 d5 61. Rg3 Kc5 62. Rg5 c3 63. Kb1 Kc4 64. Rg8 d4 65. Rc8+ Kd3 66.
Rc7 Rh1+ 67. Ka2 c2 68. Kb2 Rb1+ 69. Ka2 c1=Q 70. Rc3+ Qxc3 71. Kxb1 Qd2 72. Ka1
Kc3 73. Kb1 Qb2# 0-1

[Event "China zt 3.5 2014"]
[Site "Zhongshan CHN"]
[Date "2014.10.31"]
[Round "6.24"]
[White "Nie, Xinyang"]
[Black "Shen, Chenyi"]
[Result "1-0"]
[WhiteElo "1911"]
[BlackElo "2066"]
[WhiteFideId "8607222"]
[BlackFideId "8609071"]
[EventDate "2014.10.26"]

1. d4 e6 2. Nf3 Nf6 3. Bg5 b6 4. e4 h6 5. Bxf6 Qxf6 6. Bd3 Bb7 7. Nbd2 d6 8. e5
Qd8 9. O-O Nd7 10. Qe2 Be7 11. Rad1 Qc8 12. c4 d5 13. cxd5 Bxd5 14. Bb1 Qb7 15.
Ne4 O-O-O 16. Nc3 Bc6 17. d5 exd5 18. Nd4 Nc5 19. b4 Ne6 20. b5 Be8 21. Bf5 Bd7
22. Nxd5 Bc5 23. Be4 Qb8 24. Qc4 Rhe8 25. Nf5 Ng5 26. Qxc5 Nxe4 27. Nde7+ Kb7
28. Qd5+ 1-0

[Event "China zt 3.5 2014"]
[Site "Zhongshan CHN"]
[Date "2014.10.31"]
[Round "6.25"]
[White "Teng, Jiarong"]
[Black "Yan, Xuesong"]
[Result "1-0"]
[WhiteElo "2092"]
[BlackElo "1900"]
[WhiteFideId "8609977"]
[BlackFideId "8609764"]
[EventDate "2014.10.26"]

1. e4 c5 2. Nf3 e6 3. Nc3 a6 4. g3 b5 5. Bg2 Bb7 6. d3 Nc6 7. O-O Be7 8. Ne1 Nf6
9. e5 Ng8 10. Bf4 d5 11. exd6 Bxd6 12. Bxd6 Qxd6 13. Ne4 Qe7 14. Qh5 e5 15. f4
g6 16. Qh4 Qxh4 17. gxh4 O-O-O 18. Nxc5 exf4 19. Rxf4 f5 20. Nf3 Nge7 21. Ng5
Rdf8 22. Re1 h6 23. Nxb7 hxg5 24. hxg5 Rh5 25. Na5 Kd7 26. Nxc6 Nxc6 27. Bxc6+
Kxc6 28. Re6+ Kd5 29. Rxg6 Ke5 30. Rf2 a5 31. Rg2 f4 32. Rh6 Rxh6 33. gxh6 f3
34. Rg7 Rf6 35. h7 Rh6 36. Kf2 Rh3 37. Ke3 b4 38. Rg5+ Kd6 39. Rxa5 Rxh7 40. Rb5
Rxh2 41. Kxf3 Rxc2 42. Rxb4 Kc5 43. Rc4+ Rxc4 44. dxc4 Kxc4 45. Ke4 1-0

[Event "China zt 3.5 2014"]
[Site "Zhongshan CHN"]
[Date "2014.10.31"]
[Round "6.26"]
[White "Zhou, Xiangheng"]
[Black "Yang, Yanqing"]
[Result "1/2-1/2"]
[WhiteElo "1682"]
[BlackElo "1992"]
[WhiteFideId "8607907"]
[BlackFideId "8613575"]
[EventDate "2014.10.26"]

1. e4 c5 2. Nf3 d6 3. d4 cxd4 4. Nxd4 Nf6 5. Nc3 a6 6. Be2 e5 7. Nb3 Be7 8. O-O
O-O 9. Be3 Be6 10. Nd5 Bxd5 11. exd5 Ne8 12. c4 b6 13. Nd2 a5 14. b3 f5 15. f3
Bg5 16. Bf2 Nd7 17. Qc2 Kh8 18. a3 Qf6 19. b4 axb4 20. axb4 Rxa1 21. Rxa1 e4 22.
Nb3 Ne5 23. fxe4 f4 24. Bf3 Qg6 25. Kh1 Nf6 26. Bd4 Nfg4 27. Bxe5 Nxe5 28. Nd4
Qf6 29. Rc1 Bh4 30. Nf5 1/2-1/2

[Event "China zt 3.5 2014"]
[Site "Zhongshan CHN"]
[Date "2014.10.31"]
[Round "6.27"]
[White "Luanchen, Yuantai"]
[Black "Liu, Zhaoqi"]
[Result "0-1"]
[WhiteElo "1510"]
[BlackElo "2073"]
[WhiteFideId "8614644"]
[BlackFideId "8609381"]
[EventDate "2014.10.26"]

1. d4 Nf6 2. c4 c5 3. d5 e6 4. Nc3 exd5 5. cxd5 d6 6. e4 g6 7. Nf3 Bg7 8. Bf4
O-O 9. Bd3 a6 10. a4 Nh5 11. Bg3 Bg4 12. O-O Nxg3 13. fxg3 Qb6 14. Rf2 Bd4 15.
Qc2 Bxf3 16. gxf3 Nd7 17. f4 Rac8 18. a5 Qd8 19. f5 Ne5 20. Ne2 Bxf2+ 0-1

[Event "China zt 3.5 2014"]
[Site "Zhongshan CHN"]
[Date "2014.11.01"]
[Round "7.2"]
[White "Chu, Wei Chao"]
[Black "Bu, Xiangzhi"]
[Result "0-1"]
[WhiteTitle "IM"]
[BlackTitle "GM"]
[WhiteElo "2369"]
[BlackElo "2710"]
[WhiteFideId "8605661"]
[BlackFideId "8601445"]
[EventDate "2014.10.26"]

1. d4 Nf6 2. c4 e6 3. Nf3 Bb4+ 4. Nbd2 d5 5. Qa4+ Nc6 6. e3 O-O 7. a3 Be7 8. b4
a6 9. Bb2 Bd7 10. Qc2 a5 11. b5 Na7 12. Ne5 dxc4 13. Nxd7 Qxd7 14. Qxc4 c6 15.
bxc6 Nxc6 16. Qb5 a4 17. Nc4 Qc7 18. Be2 Nd5 19. O-O Ra6 20. Bc1 Nc3 21. Qb2
Nxe2+ 22. Qxe2 Rc8 23. Bb2 Nxd4 24. Bxd4 Qxc4 25. Qb2 Qb3 26. Bxg7 Qxb2 27. Bxb2
Rb6 28. Bd4 Rb3 29. Rfc1 Rxc1+ 30. Rxc1 f6 31. f4 Bxa3 32. Rc8+ Kf7 33. Rc7+ Kg6
34. g4 Bb2 35. Bc5 f5 0-1

[Event "China zt 3.5 2014"]
[Site "Zhongshan CHN"]
[Date "2014.11.01"]
[Round "7.3"]
[White "Xiu, Deshun"]
[Black "Zhou, Jianchao"]
[Result "1/2-1/2"]
[WhiteTitle "GM"]
[BlackTitle "GM"]
[WhiteElo "2553"]
[BlackElo "2580"]
[WhiteFideId "8603693"]
[BlackFideId "8603537"]
[EventDate "2014.10.26"]

1. Nf3 c5 2. c4 Nf6 3. Nc3 d5 4. cxd5 Nxd5 5. e4 Nb4 6. Bb5+ N8c6 7. d4 cxd4 8.
a3 dxc3 9. Qxd8+ Kxd8 10. axb4 cxb2 11. Bxb2 e6 12. O-O Bd7 13. Bxc6 Bxc6 14.
Ne5 Rg8 15. Nxc6+ bxc6 16. Ra6 Bxb4 17. Rfa1 f6 18. Rxa7 Rxa7 19. Rxa7 Ke8 20.
Kf1 Be7 21. Rc7 Kd8 22. Rxc6 Kd7 1/2-1/2

[Event "China zt 3.5 2014"]
[Site "Zhongshan CHN"]
[Date "2014.11.01"]
[Round "7.4"]
[White "Zhao, Jun"]
[Black "Dai, Changren"]
[Result "1-0"]
[WhiteTitle "GM"]
[WhiteElo "2578"]
[BlackElo "2283"]
[WhiteFideId "8602522"]
[BlackFideId "8608156"]
[EventDate "2014.10.26"]

1. d4 Nf6 2. Nf3 g6 3. c4 Bg7 4. g3 O-O 5. Bg2 d6 6. Nc3 Nc6 7. O-O a6 8. Bf4
Rb8 9. Rc1 Bd7 10. a3 Re8 11. d5 Na5 12. Nd2 b5 13. cxb5 axb5 14. b4 Nc4 15.
Nxc4 bxc4 16. Nb1 e6 17. Bg5 exd5 18. Bxd5 c6 19. Bxc4 Bh3 20. Re1 d5 21. Bd3
Qb6 22. Bxf6 Bxf6 23. e3 Ra8 24. Qb3 Bg5 25. Bf1 Bf5 26. Nd2 d4 27. Nf3 dxe3 28.
Nxg5 exf2+ 29. Kh1 Qb7 30. Rxe8+ Rxe8 31. Kg2 Re1 32. Qc3 Qe7 33. Kxf2 1-0

[Event "China zt 3.5 2014"]
[Site "Zhongshan CHN"]
[Date "2014.11.01"]
[Round "7.5"]
[White "Zhao, Yuanhe"]
[Black "Xu, Yinglun"]
[Result "1/2-1/2"]
[WhiteElo "2091"]
[BlackElo "2410"]
[WhiteFideId "8609497"]
[BlackFideId "8604940"]
[EventDate "2014.10.26"]

1. d4 e6 2. c4 d5 3. Nf3 Nf6 4. g3 Bb4+ 5. Bd2 Bd6 6. Bg2 c6 7. Qc2 Nbd7 8. O-O
O-O 9. Bf4 Bxf4 10. gxf4 b6 11. cxd5 cxd5 12. Nc3 Bb7 13. Rfc1 Rc8 14. Qa4 a6
15. e3 Qe7 16. Ne5 Rc7 17. a3 Rfc8 18. f3 Nf8 19. Qb4 Qd8 20. Bf1 N6d7 21. Bd3
Nxe5 22. fxe5 Qg5+ 23. Kf2 Qh4+ 24. Kg2 Qg5+ 25. Kf2 Qh4+ 26. Kg2 Qg5+ 1/2-1/2

[Event "China zt 3.5 2014"]
[Site "Zhongshan CHN"]
[Date "2014.11.01"]
[Round "7.6"]
[White "Ju, Wenjun"]
[Black "Wang, Yiye"]
[Result "1/2-1/2"]
[WhiteTitle "WGM"]
[BlackTitle "IM"]
[WhiteElo "2582"]
[BlackElo "2422"]
[WhiteFideId "8603006"]
[BlackFideId "8606021"]
[EventDate "2014.10.26"]

1. d4 d5 2. c4 c6 3. Nf3 Nf6 4. Qb3 dxc4 5. Qxc4 Bf5 6. g3 Nbd7 7. Bg2 Nb6 8.
Qb3 Qd5 9. Nbd2 e6 10. O-O Be7 11. Ne5 Qxd4 12. Ndc4 Ng4 13. Nxb6 Qxb6 14. Qxb6
axb6 15. Nxc6 Bc5 16. b4 Bxf2+ 17. Rxf2 Nxf2 18. Kxf2 bxc6 19. Bxc6+ Ke7 20.
Bxa8 Rxa8 21. a4 Be4 22. Bb2 f6 23. Bd4 Bc6 24. b5 Bd7 25. Rb1 Rxa4 26. Bxb6 Rc4
27. Be3 Bc8 28. Ra1 Kd7 29. Ra8 g5 30. b6 Kd6 31. Ke1 h5 32. Kd2 Bb7 33. Rd8+
Ke5 34. Kd3 Ba6 35. Ra8 Bb5 36. Kd2 Bc6 37. Rc8 Kd5 38. Rf8 Ke5 39. Kd3 Bb5 40.
Kd2 Bc6 41. Rc8 Kd5 42. Rh8 h4 43. Rd8+ Ke5 44. Rc8 Kd5 45. Rc7 hxg3 46. hxg3
Ra4 47. Rf7 Ke5 48. Bc5 Ra2+ 49. Ke1 Rb2 50. Be7 Rxb6 51. Bxf6+ Ke4 52. Bxg5 e5
53. Rf6 Rb1+ 54. Kf2 Bb5 55. Rd6 Rb2 56. Bd2 Bc4 57. Rd8 Bd5 1/2-1/2

[Event "China zt 3.5 2014"]
[Site "Zhongshan CHN"]
[Date "2014.11.01"]
[Round "7.7"]
[White "Bai, Jinshi"]
[Black "Wang, Chen"]
[Result "1-0"]
[WhiteTitle "IM"]
[BlackTitle "IM"]
[WhiteElo "2406"]
[BlackElo "2508"]
[WhiteFideId "8602280"]
[BlackFideId "8601020"]
[EventDate "2014.10.26"]

1. d4 Nf6 2. c4 e6 3. g3 Bb4+ 4. Bd2 Qe7 5. Bg2 Nc6 6. Nf3 Bxd2+ 7. Nbxd2 d6 8.
O-O O-O 9. e4 e5 10. d5 Nb8 11. Ne1 a5 12. Nd3 Bg4 13. f3 Bd7 14. Qc2 Na6 15. a3
a4 16. f4 b6 17. Qc3 Rfe8 18. Rae1 Nc5 19. Nxc5 bxc5 20. Rb1 Bc8 21. f5 c6 22.
dxc6 Qc7 23. Qc2 Qxc6 24. Rbd1 Rb8 25. Nb1 Rb3 26. Rd3 Rxd3 27. Qxd3 Qb6 28. Qc2
Bd7 29. Nc3 Bc6 30. Rd1 Rd8 31. Rd2 Qa6 32. Qd3 Qb7 33. Bf3 g6 34. Qe3 Kg7 35.
g4 h6 36. g5 hxg5 37. Qxg5 Qe7 38. Rg2 Ng8 39. Qg3 Qf6 40. fxg6 fxg6 41. Bh5 Rf8
42. Qxg6+ Kh8 43. Qxf6+ Nxf6 44. Bg6 Ng8 45. Rf2 Nf6 46. h4 Kg7 47. Rg2 Kh6 48.
Kh2 Bd7 49. Bf5 Kh5 50. Kh3 Bxf5+ 51. exf5 e4 52. Rg5+ Kh6 53. Kg3 e3 54. Kf3
Nd7 55. Kxe3 Ne5 56. Nxa4 Ra8 57. Nb6 Rb8 58. Nd5 Rxb2 59. f6 Nxc4+ 60. Ke4 Ne5
61. Nf4 Kh7 62. Kd5 Rf2 63. Rg7+ Kh6 64. Ke4 Rf1 65. Rg8 Kh7 66. Rd8 Re1+ 67.
Kd5 Rf1 68. Rxd6 Nf7 69. Rd7 Rxf4 70. Rxf7+ Kg6 71. Ke5 Rxh4 72. Rg7+ Kh6 73.
Rg8 1-0